000 00360nam a22001577a 4500
003 OSt
005 20211222084816.0
008 211222b |||||||| |||| 00| 0 eng d
020 _a9789332555587
040 _cHU
100 _aBRUCE R.BARRINGER
_924065
245 _aENTERPRENEURSHIP
260 _aINDIA
_bHALL
_c2012
300 _a563
942 _2ddc
_cBOOKS
_n0
999 _c23285
_d23285